| 000 | 00990nac a22002657a 4500 | ||
|---|---|---|---|
| 001 | BR0201369 | ||
| 003 | BR-BrBNA | ||
| 005 | 20240105122644.0 | ||
| 008 | 230509b bl.|||m| |||| 00| 0 por d | ||
| 040 |
_aBR-BrBNA _bpor _cBiblioteca Nacional de Agricultura |
||
| 072 | _aP31; P32 | ||
| 090 | _aP31 BR0201369 | ||
| 110 | 1 |
_aCentro Nacional de Pesquisa de Solos, Rio de Janeiro, RJ (Brasil) _91803 |
|
| 245 | 1 |
_aLevantamento semidetalhado dos solos da área do Sistema Integrado de Produção Agroecológica (SIPA)- km 47 - Seropédica, R _b(CD-ROM> |
|
| 260 | 3 |
_aRio de Janeiro, RJ (Brasil): _c1999. |
|
| 300 | _a1 CD-ROM | ||
| 490 |
_aBoletim de Pesquisa - Centro Nacional de Pesquisa de Solos (Brazil) _vno. 5 _xISSN 1517-5219 |
||
| 650 | _aRECONHECIMENTO DO SOLO | ||
| 650 | _aSISTEMA DE INFORMAÇÃO | ||
| 650 | _aPRODUÇÃO AGRÍCOLA | ||
| 650 | _aPRODUÇÃO ANIMAL | ||
| 650 | _aRIO DE JANEIRO | ||
| 909 |
_a202312 _bLúcia Elande _c55 _dLúcia Elande |
||
| 942 |
_2AGRIS _n0 _cMS |
||
| 999 |
_c292143 _d292143 |
||